00928cam a2200253 450000100060000000300080000600500170001400800410003103500190007204000230009104100110011408200230012510000700014824500760021826000520029430000300034649000330037650000270040950000380043665100340047494200120050899900170052095201370053722572BD-RjUL20211209000825.0140308s1957 ru c 000 1 eng  a(BD-RjUL)22637 aDLCcDLCdDLCbeng1 aengrus00a891.7344bKAH 19571 aKazakevich, Ėmmanuil,d1913-1962qĖmmanuil Kazakevich.96967514aThe house on the square /cTranslated from the Russian by Martin Parker aMoscow :bForeign Languages Pub. House ,c1957. a519 p. :bport. ;c20 cm.0 aLibrary of Soviet literature aAdded t.p. in Russian. aTranslation of Dom na ploshchadi. 0aSoviet UnionxFiction.969590 2ddccBK c22572d22572 00102ddc40728NFICaRUCLbRUCLcReadingd1958-09-23eColombo planl0o891.7344 KAH 1957r2014-03-08 00:00:00tC-1w2014-03-08yBK